|
|
|
|
| LEADER |
01075cam a2200313 a 4500 |
| 001 |
c000350966 |
| 003 |
CARM |
| 005 |
20000929210144.0 |
| 008 |
690715s1969 enka b 001 0 eng |
| 010 |
|
|
|a 69016280
|
| 015 |
|
|
|a B69-09991
|
| 019 |
1 |
|
|a 35058
|z 20007881
|5 LACONCORD2021
|
| 020 |
|
|
|a 521074622
|
| 020 |
|
|
|a 0521074622 :
|c ( 9.
|
| 035 |
|
|
|a (OCoLC)12529
|5 LACONCORD2021
|
| 040 |
|
|
|a LC
|b eng
|c LC
|d VDU
|
| 050 |
|
4 |
|a HB99.3
|b .D6
|
| 050 |
0 |
0 |
|a HB99.3
|b .D6
|
| 082 |
0 |
4 |
|a 330.15/5
|
| 100 |
1 |
|
|a Dobb, Maurice,
|d 1900-
|
| 245 |
1 |
0 |
|a Welfare economics and the economics of socialism:
|b towards a commonsense critique,
|c by Maurice Dobb.
|
| 260 |
|
|
|a London,
|b Cambridge U.P.,
|c 1969.
|
| 300 |
|
|
|a viii, 275 p.
|b illus.
|c 23 cm.
|
| 504 |
|
|
|a Bibliographical footnotes.
|
| 650 |
|
0 |
|a Welfare economics.
|
| 650 |
|
0 |
|a Socialism.
|
| 852 |
8 |
|
|b CARM
|h A1:AL06C0
|i B09889
|p 0445123
|f BK
|
| 999 |
f |
f |
|i b300f41d-956a-5093-af7d-7f426530e984
|s b02d91bb-a85d-515e-a689-3a1e60f0c122
|
| 952 |
f |
f |
|p Can circulate
|a CAVAL
|b CAVAL
|c CAVAL
|d CARM 1 Store
|e B09889
|f A1:AL06C0
|h Other scheme
|i book
|m 0445123
|